| 000 | 00642nac a22001931u 4500 | ||
|---|---|---|---|
| 008 | 090129s2005 uk ||||| |||| 001 0 eng d | ||
| 010 | _a2004008229 | ||
| 020 | _a1405102101 (pbk. : alk. paper) | ||
| 020 | _a9781405102100 | ||
| 082 | 0 | 0 |
_a690 _bFLE _222 |
| 100 |
_aFleming, Eric. _931919 |
||
| 245 | 1 | 0 |
_aConstruction Technology : _ban Illustrated Introduction / _cEric Fleming. |
| 260 |
_aOxford, UK ; _aMalden, MA : _bBlackwell Pub., _cc2005. |
||
| 300 |
_axii, 386 p. : _bill. ; _c25 cm. |
||
| 500 | _aIncludes index. | ||
| 500 | _aOne copy distributed by Al-Ahram | ||
| 650 | 0 |
_aBuilding. _931920 |
|
| 942 |
_cBB _k690FLE _2ddc |
||
| 999 |
_c1496 _d1496 |
||